Fabrics : (Record no. 353122)
[ view plain ]
| 000 -LEADER | |
|---|---|
| fixed length control field | 01008 a2200277 4500 |
| 003 - CONTROL NUMBER IDENTIFIER | |
| control field | OSt |
| 005 - DATE AND TIME OF LATEST TRANSACTION | |
| control field | 20180116192356.0 |
| 008 - FIXED-LENGTH DATA ELEMENTS--GENERAL INFORMATION | |
| fixed length control field | 120612t xxu||||| |||| 00| 0 eng d |
| 010 ## - LIBRARY OF CONGRESS CONTROL NUMBER | |
| LC control number | 94002604 |
| 020 ## - INTERNATIONAL STANDARD BOOK NUMBER | |
| International Standard Book Number | 0517574349 : |
| 020 ## - INTERNATIONAL STANDARD BOOK NUMBER | |
| International Standard Book Number | 9780500284827 |
| 040 ## - CATALOGING SOURCE | |
| Transcribing agency | 0 |
| 082 00 - DEWEY DECIMAL CLASSIFICATION NUMBER | |
| Classification number | 747.9 |
| 100 1# - MAIN ENTRY--PERSONAL NAME | |
| Personal name | Lebeau, Caroline. |
| 9 (RLIN) | 4444 |
| 245 10 - TITLE STATEMENT | |
| Title | Fabrics : |
| Remainder of title | the decorative art of textiles / |
| Statement of responsibility, etc. | by Caroline Lebeau ; photographs by Jacques Dirand ; text by Patricia Corbett. |
| 250 ## - EDITION STATEMENT | |
| Edition statement | 1st ed. |
| 260 ## - PUBLICATION, DISTRIBUTION, ETC. | |
| Place of publication, distribution, etc. | New York : |
| Name of publisher, distributor, etc. | Clarkson Potter, |
| Date of publication, distribution, etc. | c1994. |
| 300 ## - PHYSICAL DESCRIPTION | |
| Extent | 218 p. : |
| Other physical details | col. ill. ; |
| Dimensions | 32 cm. |
| 650 10 - SUBJECT ADDED ENTRY--TOPICAL TERM | |
| Topical term or geographic name entry element | Textile fabrics in interior decoration. |
| 9 (RLIN) | 4445 |
| 650 10 - SUBJECT ADDED ENTRY--TOPICAL TERM | |
| Topical term or geographic name entry element | Textile fabrics |
| General subdivision | History. |
| 9 (RLIN) | 4446 |
| 700 1# - ADDED ENTRY--PERSONAL NAME | |
| Personal name | Corbett, Patricia, |
| Dates associated with a name | 1951- |
| 9 (RLIN) | 4447 |
| 700 1# - ADDED ENTRY--PERSONAL NAME | |
| Personal name | Dirand, Jacques. |
| 9 (RLIN) | 4448 |
| 856 42 - ELECTRONIC LOCATION AND ACCESS | |
| Materials specified | Publisher description |
| Uniform Resource Identifier | <a href="http://www.loc.gov/catdir/description/random049/94002604.html">http://www.loc.gov/catdir/description/random049/94002604.html</a> |
| 942 ## - ADDED ENTRY ELEMENTS (KOHA) | |
| Institution code [OBSOLETE] | SADA |
| Koha item type | Book |
| Call number prefix | 747.9 LEB 1994 |
| Source of classification or shelving scheme | |
| Withdrawn status | Lost status | Source of classification or shelving scheme | Damaged status | Not for loan | Permanent Location | Current Location | Date acquired | Total Checkouts | Full call number | Barcode | Date last seen | Copy number | Cost, replacement price | Price effective from | Koha item type | Date last checked out |
|---|---|---|---|---|---|---|---|---|---|---|---|---|---|---|---|---|
| School of Art Design and Architecture (SADA) | School of Art Design and Architecture (SADA) | 06/07/2011 | 747.9 LEB 1994 | SADA0001279 | 08/05/2011 | 01 | 1864.00 | 08/05/2011 | Book | |||||||
| School of Art Design and Architecture (SADA) | School of Art Design and Architecture (SADA) | 06/07/2011 | 1 | 747.9 LEB 1994 | SADA0001280 | 04/23/2014 | 02 | 1864.00 | 08/05/2011 | Book | 04/07/2014 |
